[Event "SVK-chT1W 0304"]
[Site "Slovakia"]
[Date "2004.??.??"]
[Round "6"]
[White "Zak, Daniel"]
[Black "Kasanicky, Richard"]
[Result "0-1"]
[WhiteElo "1715"]
[BlackElo "1980"]
[PlyCount "58"]
[EventDate "2003.10.??"]
[EventType "team"]
[EventRounds "9"]
[EventCountry "SVK"]
[SourceTitle "EXT 2007"]
[Source "ChessBase"]
[SourceDate "2006.11.23"]
[SourceVersion "1"]
[SourceVersionDate "2006.11.23"]
[SourceQuality "1"]

1. e4 e5 2. Nf3 Nc6 3. Bc4 Bc5 4. 0-0 d6 5. h3 Nf6 6. d3 Be6 7. Bxe6 fxe6 8. Nc3 0-0 9. Na4 Bb6 10. Nxb6 axb6 11. Ng5 Qe8 12. f4 exf4 13. Rxf4 h6 14. Nf3 g5 15. Nxg5 hxg5 16. Rf3 Qh5 17. d4 Rf7 18. Qd3 Nh7 19. Rg3 Raf8 20. Be3 Rg7 21. Qd2 Nf6 22. Qd3 g4 23. Rf1 gxh3 24. Rxg7+ Kxg7 25. d5 hxg2 26. Bh6+ Qxh6 27. Qg3+ Kh7 28. Rf4 Qh1+ 29. Kf2 Nxe4+ 0-1

[Event "SVK-chT1W 0304"]
[Site "Slovakia"]
[Date "2003.??.??"]
[Round "3"]
[White "Kosegi, Marek"]
[Black "Kasanicky, Richard"]
[Result "0-1"]
[WhiteElo "1885"]
[BlackElo "1980"]
[PlyCount "62"]
[EventDate "2003.10.??"]
[EventType "team"]
[EventRounds "9"]
[EventCountry "SVK"]
[SourceTitle "EXT 2007"]
[Source "ChessBase"]
[SourceDate "2006.11.23"]
[SourceVersion "1"]
[SourceVersionDate "2006.11.23"]
[SourceQuality "1"]

1. e4 e5 2. Nf3 Nc6 3. Bb5 a6 4. Ba4 Nf6 5. 0-0 Nxe4 6. d4 b5 7. Bb3 d5 8. dxe5 Be6 9. Nbd2 Nc5 10. c3 Nxb3 11. Nxb3 Be7 12. Nbd4 Nxd4 13. cxd4 0-0 14. Be3 f6 15. Rc1 Bg4 16. Qc2 Bxf3 17. gxf3 fxe5 18. dxe5 d4 19. Rfd1 c5 20. b4 Qb8 21. Bd2 c4 22. Qe4 Qb6 23. Bf4 Rad8 24. a3 Qg6+ 25. Bg3 Qxe4 26. fxe4 Rf3 27. Ra1 Rb3 28. Rdb1 d3 29. Rxb3 cxb3 30. Rb1 d2 31. Rd1 b2 0-1

[Event "AUT-chT2O 0102"]
[Site "Austria"]
[Date "2002.01.19"]
[Round "6.5"]
[White "Kasanicky, Richard"]
[Black "Hansen, Kay"]
[Result "1/2-1/2"]
[WhiteElo "2136"]
[BlackElo "2242"]
[PlyCount "108"]
[EventDate "2001.11.??"]
[EventType "team"]
[EventRounds "11"]
[EventCountry "AUT"]
[SourceTitle "EXT 2003"]
[Source "ChessBase"]
[SourceDate "2002.11.25"]
[SourceVersion "1"]
[SourceVersionDate "2002.11.25"]
[SourceQuality "1"]

1. f4 d5 2. Nf3 Nf6 3. e3 Bg4 4. h3 Bxf3 5. Qxf3 e6 6. Nc3 c6 7. d4 Nbd7 8. Bd3 Bd6 9. 0-0 a6 10. Ne2 b5 11. g4 g6 12. Bd2 Qb6 13. a3 c5 14. c3 Ra7 15. Kh1 Qc6 16. Ng3 Qc7 17. e4 dxe4 18. Nxe4 Nxe4 19. Bxe4 0-0 20. f5 exf5 21. gxf5 Nf6 22. fxg6 fxg6 23. Bh6 Rf7 24. Bc6 cxd4 25. Rae1 Bf8 26. Be8 Bxh6 27. Bxf7+ Qxf7 28. Qxf6 Qxf6 29. Rxf6 dxc3 30. bxc3 Bd2 31. Re8+ Kg7 32. Rc6 a5 33. Rb8 Bc1 34. Rxb5 Bxa3 35. Re6 Bc1 36. Ree5 Bd2 37. c4 Rc7 38. Re4 a4 39. Rb2 Bc3 40. Ra2 Ra7 41. c5 a3 42. Rc4 Bb2 43. Kg2 Kf6 44. Rb4 Rc7 45. Rb6+ Ke5 46. Kf3 Rf7+ 47. Kg4 Rf2 48. Ra6 Rf4+ 49. Kg3 Rc4 50. c6 Kd6 51. R2xa3 Bxa3 52. Rxa3 Rxc6 53. Ra7 h6 54. Rg7 Rc3+ 1/2-1/2

[Event "SVK-chT2W 0102"]
[Site "Slovakia"]
[Date "2002.01.12"]
[Round "7.6"]
[White "Kuna, Vladimir"]
[Black "Kasanicky, Richard"]
[Result "1/2-1/2"]
[WhiteElo "2168"]
[BlackElo "2136"]
[PlyCount "136"]
[EventDate "2001.10.??"]
[EventType "team"]
[EventRounds "11"]
[EventCountry "SVK"]
[SourceTitle "EXT 2006"]
[Source "ChessBase"]
[SourceDate "2005.11.24"]
[SourceVersion "1"]
[SourceVersionDate "2005.11.24"]
[SourceQuality "1"]

1. d4 f5 2. c4 Nf6 3. Nc3 e6 4. Nf3 b6 5. g3 Bb7 6. Bg2 Bb4 7. 0-0 0-0 8. Bf4 Bxc3 9. bxc3 d6 10. Qb3 Qe7 11. Rfd1 Nc6 12. c5 dxc5 13. Ng5 Rae8 14. Qxe6+ Qxe6 15. Nxe6 Rxe6 16. d5 Rxe2 17. dxc6 Ba8 18. Bxc7 Ne4 19. Bd6 Rc8 20. Bxe4 Rxe4 21. c7 Kf7 22. Bf4 g5 23. Rd8 Re8 24. Rxc8 Rxc8 25. Be5 Ke6 26. f4 g4 27. Rd1 Bd5 28. Kf2 h5 29. Ke3 Ra8 30. c4 Bb7 31. Rd8 Rc8 32. Rd6+ Ke7 33. Rh6 Ba6 34. Kd3 Rg8 35. Rxh5 Bc8 36. Rh6 Bb7 37. Kc3 Ra8 38. Kb3 Kd7 39. a4 Rg8 40. a5 bxa5 41. Ka4 Kc8 42. Kxa5 Kd7 43. Kb5 Ra8 44. Kxc5 a5 45. Kb5 Be4 46. Kb6 Bf3 47. c5 Re8 48. Kxa5 Kc8 49. Rb6 Kd7 50. Rb8 Rc8 51. Kb6 Bc6 52. Rxc8 Kxc8 53. Ka7 Bb5 54. Bd6 Bd7 55. Kb6 Bc6 56. Ka5 Bb7 57. Kb5 Bc6+ 58. Kc4 Kd7 59. Kd4 Be4 60. Ke5 Bc2 61. Kf6 Bd3 62. Kg5 Be4 63. Be5 Bd3 64. Bd4 Kxc7 65. h4 gxh3 66. Kh4 Kc6 67. Bg1 h2 68. Bxh2 Kxc5 1/2-1/2

[Event "SVK-chT3B 0102"]
[Site "Slovakia"]
[Date "2001.??.??"]
[Round "2"]
[White "Gorusa, Miroslav"]
[Black "Kasanicky, Richard"]
[Result "1-0"]
[WhiteElo "2115"]
[BlackElo "2135"]
[PlyCount "59"]
[EventDate "2001.10.??"]
[EventType "team"]
[EventRounds "9"]
[EventCountry "SVK"]
[SourceTitle "EXT 2006"]
[Source "ChessBase"]
[SourceDate "2005.11.24"]
[SourceVersion "1"]
[SourceVersionDate "2005.11.24"]
[SourceQuality "1"]

1. e4 e5 2. Nf3 Nf6 3. Nxe5 d6 4. Nf3 Nxe4 5. d4 d5 6. Bd3 Be7 7. c4 c6 8. Nc3 Qa5 9. Qc2 f5 10. 0-0 0-0 11. cxd5 Nxc3 12. bxc3 cxd5 13. Rb1 Nc6 14. Re1 a6 15. Qb3 Kh8 16. Bf4 Qd8 17. Ne5 Na5 18. Qd1 Bd7 19. Qh5 Be8 20. Qh3 g6 21. Bh6 Rg8 22. g4 fxg4 23. Qxg4 Rc8 24. Re3 Rxc3 25. Rh3 Qc8 26. Qf3 Nc4 27. Qxd5 Qxh3 28. Bxc4 Rxc4 29. Nf7+ Bxf7 30. Qe5+ 1-0

[Event "SVK-chT1W 0001"]
[Site "Slovakia"]
[Date "2001.??.??"]
[Round "8"]
[White "Jablonicky, Frantisek"]
[Black "Kasanicky, Richard"]
[Result "1-0"]
[WhiteElo "2178"]
[BlackElo "2156"]
[PlyCount "65"]
[EventDate "2000.??.??"]
[EventType "team"]
[EventRounds "11"]
[EventCountry "SVK"]
[SourceTitle "EXT 2002"]
[Source "ChessBase"]
[SourceDate "2001.11.25"]
[SourceVersion "1"]
[SourceVersionDate "2001.11.25"]
[SourceQuality "1"]

1. Nf3 Nf6 2. d4 g6 3. g3 Bg7 4. Bg2 0-0 5. c4 c5 6. 0-0 d6 7. Nc3 Nc6 8. h3 cxd4 9. Nxd4 Bd7 10. Nxc6 Bxc6 11. e4 Qd7 12. Re1 Rfd8 13. Qe2 Ne8 14. Nd5 h6 15. Nb4 Rab8 16. Be3 b5 17. Nxc6 Qxc6 18. Bxa7 bxc4 19. e5 Qa6 20. Bxb8 Rxb8 21. Bd5 Bxe5 22. Qxc4 Qxc4 23. Bxc4 Rxb2 24. Rab1 Rc2 25. Rec1 Rxc1+ 26. Rxc1 Bd4 27. a4 Nf6 28. a5 Ne4 29. Kg2 e6 30. f3 Nc5 31. a6 Nd7 32. Bb5 Ne5 33. f4 1-0

[Event "SVK-chT1W 0001"]
[Site "Slovakia"]
[Date "2001.??.??"]
[Round "6"]
[White "Kasanicky, Richard"]
[Black "Ac, Michal"]
[Result "0-1"]
[WhiteElo "2156"]
[BlackElo "2210"]
[PlyCount "81"]
[EventDate "2000.??.??"]
[EventType "team"]
[EventRounds "11"]
[EventCountry "SVK"]
[SourceTitle "EXT 2002"]
[Source "ChessBase"]
[SourceDate "2001.11.25"]
[SourceVersion "1"]
[SourceVersionDate "2001.11.25"]
[SourceQuality "1"]

1. f4 Nf6 2. Nf3 g6 3. b3 Bg7 4. Bb2 0-0 5. e3 c5 6. Be2 Nc6 7. 0-0 d5 8. Ne5 d4 9. Nd3 b6 10. Bf3 Bb7 11. e4 e5 12. fxe5 Nd7 13. e6 fxe6 14. Na3 Qe7 15. g3 Rac8 16. Nf2 Ba6 17. d3 b5 18. Be2 Nde5 19. Rb1 Rf7 20. Nh3 Rcf8 21. Rxf7 Rxf7 22. Kg2 Qf8 23. Bc1 Nb4 24. Ra1 c4 25. bxc4 bxc4 26. dxc4 Qa8 27. Bd3 Nbxd3 28. cxd3 Rf3 29. Nf2 Bb7 30. Bf4 Rxd3 31. Nxd3 Bxe4+ 32. Kg1 Nxd3 33. Rb1 Nxf4 34. gxf4 Bxb1 35. Qxb1 Qf8 36. Nb5 Qxf4 37. Qd3 Be5 38. Kg2 Qxh2+ 39. Kf1 Qxa2 40. Kg1 a6 41. Qh3 0-1

[Event "SVK-chT1W 0001"]
[Site "Slovakia"]
[Date "2001.??.??"]
[Round "9"]
[White "Kasanicky, Richard"]
[Black "Pusec, Pavol"]
[Result "1-0"]
[WhiteElo "2156"]
[BlackElo "2187"]
[PlyCount "73"]
[EventDate "2000.??.??"]
[EventType "team"]
[EventRounds "11"]
[EventCountry "SVK"]
[SourceTitle "EXT 2002"]
[Source "ChessBase"]
[SourceDate "2001.11.25"]
[SourceVersion "1"]
[SourceVersionDate "2001.11.25"]
[SourceQuality "1"]

1. e4 d6 2. d4 Nf6 3. Nc3 g6 4. Nf3 Bg7 5. Be2 c6 6. a4 a5 7. h3 0-0 8. Be3 d5 9. e5 Ne8 10. Qd2 f6 11. Bh6 Nd7 12. h4 fxe5 13. dxe5 Rxf3 14. gxf3 Nxe5 15. h5 Bf5 16. hxg6 Bxg6 17. 0-0-0 Bf6 18. Rdg1 Nd6 19. f4 Nec4 20. Bxc4 Nxc4 21. Qd3 Kf7 22. f5 Qb6 23. fxg6+ hxg6 24. b3 Ne5 25. Qg3 Qb4 26. Bd2 d4 27. Ne4 Qa3+ 28. Kd1 d3 29. cxd3 Qxb3+ 30. Ke2 Rd8 31. Nxf6 exf6 32. Rb1 Qe6 33. Rxb7+ Nd7+ 34. Kf1 Re8 35. Rh7+ Kf8 36. Qxg6 Qe2+ 37. Kg2 1-0

[Event "SVK-chT3B 0102"]
[Site "Slovakia"]
[Date "2001.??.??"]
[Round "3"]
[White "Kasanicky, Richard"]
[Black "Regec, Stanislav"]
[Result "1-0"]
[WhiteElo "2135"]
[BlackElo "2085"]
[PlyCount "59"]
[EventDate "2001.10.??"]
[EventType "team"]
[EventRounds "9"]
[EventCountry "SVK"]
[SourceTitle "EXT 2006"]
[Source "ChessBase"]
[SourceDate "2005.11.24"]
[SourceVersion "1"]
[SourceVersionDate "2005.11.24"]
[SourceQuality "1"]

1. e4 c6 2. d4 d5 3. Nc3 dxe4 4. Nxe4 Nf6 5. Ng3 Bg4 6. f3 Bc8 7. N1e2 e6 8. Nf4 Bd6 9. Be3 Nd5 10. Nxd5 exd5 11. Qd2 Qc7 12. 0-0-0 0-0 13. Bd3 a5 14. Nf5 Bxf5 15. Bxf5 Nd7 16. Kb1 Nb6 17. Qf2 Nc4 18. Bc1 a4 19. Rd3 g6 20. Bh3 Ra5 21. f4 Qb6 22. f5 Rb5 23. b3 axb3 24. cxb3 Ra8 25. fxg6 hxg6 26. Rf1 Qc7 27. Rf3 Qa5 28. Qc2 Ra6 29. Be6 Bf4 30. Qxg6+ 1-0

[Event "SVK-chT3B 0102"]
[Site "Slovakia"]
[Date "2001.??.??"]
[Round "5"]
[White "Krajnak, Robert"]
[Black "Kasanicky, Richard"]
[Result "1-0"]
[WhiteElo "2105"]
[BlackElo "2135"]
[PlyCount "99"]
[EventDate "2001.10.??"]
[EventType "team"]
[EventRounds "9"]
[EventCountry "SVK"]
[SourceTitle "EXT 2006"]
[Source "ChessBase"]
[SourceDate "2005.11.24"]
[SourceVersion "1"]
[SourceVersionDate "2005.11.24"]
[SourceQuality "1"]

1. c4 e5 2. Nc3 Nf6 3. Nf3 Nc6 4. g3 Be7 5. Bg2 0-0 6. 0-0 d6 7. d3 Bg4 8. Rb1 a5 9. h3 Be6 10. a3 Qc8 11. Kh2 Rd8 12. b4 axb4 13. axb4 h6 14. b5 Nb8 15. c5 Nbd7 16. cxd6 cxd6 17. Bb2 d5 18. d4 e4 19. Ne5 Bd6 20. f4 exf3 21. Nxd7 fxg2 22. Nxf6+ gxf6 23. Rxf6 Bxh3 24. e4 g1Q+ 25. Kxg1 Bxg3 26. Qf3 Qg4 27. Nxd5 Qg5 28. Ne7+ Kh8 29. d5 Be5+ 30. Kh1 Qxf6 31. Qxf6+ Bxf6 32. Bxf6+ Kh7 33. Kh2 Bg4 34. Kg3 h5 35. Kf4 Kh6 36. Ke5 Re8 37. Rc1 Rad8 38. Rc7 Rd7 39. b6 Bh3 40. Rxd7 Bxd7 41. Kd6 Bb5 42. Kc7 Bd3 43. e5 Be4 44. d6 Rxe7+ 45. Bxe7 Bc6 46. d7 Bxd7 47. Kxd7 Kg6 48. Kc7 Kf5 49. Kxb7 Kxe5 50. Kc6 1-0

[Event "SVK-chT3B 0102"]
[Site "Slovakia"]
[Date "2001.??.??"]
[Round "1"]
[White "Mikulas, Jaroslav"]
[Black "Kasanicky, Richard"]
[Result "0-1"]
[WhiteElo "2075"]
[BlackElo "2135"]
[PlyCount "52"]
[EventDate "2001.10.??"]
[EventType "team"]
[EventRounds "9"]
[EventCountry "SVK"]
[SourceTitle "EXT 2006"]
[Source "ChessBase"]
[SourceDate "2005.11.24"]
[SourceVersion "1"]
[SourceVersionDate "2005.11.24"]
[SourceQuality "1"]

1. e4 e5 2. Nf3 Nf6 3. d4 Nxe4 4. Bd3 d5 5. Nxe5 Nd7 6. Qe2 Nxe5 7. Bxe4 dxe4 8. Qxe4 Be6 9. Qxe5 Qd7 10. Be3 0-0-0 11. Nc3 Bb4 12. 0-0 f6 13. Qh5 Bg4 14. Qh4 h5 15. f3 Bxc3 16. bxc3 g5 17. Qf2 Be6 18. Rfe1 Qc6 19. Bd2 Rdg8 20. d5 Bxd5 21. Qxa7 g4 22. Re7 b6 23. Rae1 Qc5+ 24. R1e3 gxf3 25. g3 h4 26. Be1 Rh7 0-1

[Event "SVK-chT1W 0001"]
[Site "Slovakia"]
[Date "2000.??.??"]
[Round "3"]
[White "Kasanicky, Richard"]
[Black "Dusa, Dusan"]
[Result "0-1"]
[WhiteElo "2196"]
[BlackElo "2160"]
[PlyCount "54"]
[EventDate "2000.??.??"]
[EventType "team"]
[EventRounds "11"]
[EventCountry "SVK"]
[SourceTitle "EXT 2002"]
[Source "ChessBase"]
[SourceDate "2001.11.25"]
[SourceVersion "1"]
[SourceVersionDate "2001.11.25"]
[SourceQuality "1"]

1. e4 e6 2. d4 d5 3. Nd2 a6 4. c3 c5 5. exd5 exd5 6. Ngf3 Nc6 7. dxc5 Bxc5 8. Nb3 Ba7 9. Be2 Nf6 10. Bg5 Bxf2+ 11. Kxf2 Ne4+ 12. Kf1 Nxg5 13. Nxg5 Qxg5 14. Bf3 Be6 15. Nc5 0-0 16. Kf2 b6 17. Nd3 Rac8 18. Re1 Rfd8 19. b3 Ne7 20. Rc1 d4 21. c4 Nf5 22. Kg1 Ne3 23. Qd2 h6 24. Bb7 Rc7 25. Bxa6 Bf5 26. Re2 Bxd3 27. Qxd3 Nxg2 0-1

[Event "SVK-chT1W 0001"]
[Site "Slovakia"]
[Date "2000.??.??"]
[Round "1"]
[White "Kasanicky, Richard"]
[Black "Lipka, Juraj"]
[Result "0-1"]
[WhiteElo "2196"]
[BlackElo "2373"]
[PlyCount "96"]
[EventDate "2000.??.??"]
[EventType "team"]
[EventRounds "11"]
[EventCountry "SVK"]
[SourceTitle "EXT 2002"]
[Source "ChessBase"]
[SourceDate "2001.11.25"]
[SourceVersion "1"]
[SourceVersionDate "2001.11.25"]
[SourceQuality "1"]

1. e4 e6 2. d4 d5 3. exd5 exd5 4. Bd3 c5 5. c3 Nc6 6. Ne2 Nf6 7. 0-0 Bd6 8. h3 h6 9. Be3 c4 10. Bc2 b5 11. Nd2 0-0 12. a4 b4 13. b3 Ba6 14. cxb4 Nxb4 15. bxc4 dxc4 16. Nc3 Rc8 17. Bf5 Rc7 18. Nde4 Nxe4 19. Nxe4 Bc8 20. Qg4 Bxf5 21. Qxf5 Be7 22. Rac1 Qd5 23. Qg4 f5 24. Qg3 Rc6 25. Nc3 Qd8 26. d5 Nxd5 27. Nxd5 Qxd5 28. Rfd1 Qe6 29. Bxa7 Bg5 30. Rc2 Ra6 31. Bc5 Rc8 32. Qa3 Qe4 33. Ra2 Rg6 34. f3 Qc6 35. Bf2 c3 36. Rc2 Bd2 37. Rdxd2 cxd2 38. Qb3+ Kh7 39. Rxd2 Rb8 40. Qd3 Ra8 41. Ra2 Ra5 42. Be1 Rd5 43. Qc2 Rc5 44. Qb3 Re6 45. Bd2 Qd6 46. Be3 Rd5 47. Rd2 Rxd2 48. Bxd2 Re2 0-1

[Event "SVK-chT2W 9900"]
[Site "Slovakia"]
[Date "1999.??.??"]
[Round "3.2"]
[White "Kasanicky, Richard"]
[Black "Hecko, Dusan"]
[Result "1/2-1/2"]
[WhiteElo "2214"]
[BlackElo "2118"]
[PlyCount "82"]
[EventDate "1999.11.06"]
[EventType "team"]
[EventRounds "9"]
[EventCountry "SVK"]
[SourceTitle "EXT 2005"]
[Source "ChessBase"]
[SourceDate "2004.11.15"]
[SourceVersion "1"]
[SourceVersionDate "2004.11.15"]
[SourceQuality "1"]

1. c4 e5 2. Nc3 Nf6 3. g3 Be7 4. Bg2 0-0 5. d3 Nc6 6. e4 Nd4 7. Nge2 Nxe2 8. Qxe2 d6 9. h3 Ne8 10. 0-0 c6 11. f4 exf4 12. Bxf4 Nc7 13. d4 Ne6 14. Be3 Bg5 15. d5 Nc7 16. c5 Bxe3+ 17. Qxe3 cxd5 18. exd5 dxc5 19. Qxc5 Ne8 20. Kh2 Nd6 21. Nb5 Nxb5 22. Qxb5 Rb8 23. Rac1 b6 24. Rf2 Bb7 25. Rfc2 a6 26. Qb3 Qd6 27. Qd3 Rbc8 28. Rc4 g6 29. b3 Rxc4 30. bxc4 a5 31. Rb1 Ba6 32. Qd4 Rb8 33. Bf1 Rb7 34. Bd3 Qc5 35. Qxc5 bxc5 36. Rxb7 Bxb7 37. Bc2 Kf8 38. Kg2 Ba6 39. Bd3 Ke7 40. Kf3 Kd6 41. Kf4 h6 1/2-1/2

[Event "SVK-chT 9900"]
[Site "Slovakia"]
[Date "1999.??.??"]
[Round "2"]
[White "Kasanicky, Richard"]
[Black "Mrvova, Alena"]
[Result "0-1"]
[WhiteElo "2188"]
[BlackElo "2156"]
[PlyCount "116"]
[EventDate "1999.??.??"]
[EventType "team"]
[EventRounds "11"]
[EventCountry "SVK"]
[SourceTitle "EXT 2001"]
[Source "ChessBase"]
[SourceDate "2000.11.22"]
[SourceVersion "1"]
[SourceVersionDate "2000.11.22"]
[SourceQuality "1"]

1. c4 e6 2. Nc3 d5 3. d4 Be7 4. Nf3 Nf6 5. Bg5 0-0 6. e3 h6 7. Bh4 b6 8. Bd3 Bb7 9. 0-0 Nbd7 10. Qe2 c5 11. Rfd1 Re8 12. Rac1 a6 13. a4 Ne4 14. Bg3 Nxg3 15. hxg3 Bf6 16. Bb1 cxd4 17. exd4 dxc4 18. Ne4 Be7 19. Qxc4 Bd5 20. Qd3 g6 21. Ne5 Nf6 22. Nc3 Bf8 23. Nxd5 Nxd5 24. Nxf7 Kxf7 25. Qxg6+ Ke7 26. Ba2 Qd6 27. Re1 Kd7 28. Bxd5 Qxd5 29. Re5 Qd6 30. Rce1 Re7 31. Qg4 Rae8 32. d5 Kc7 33. dxe6 Kb7 34. Qe2 Bg7 35. Re4 Qc6 36. b4 Qxa4 37. f4 Rc8 38. f5 Bf6 39. Rd1 Rc3 40. g4 Rcc7 41. Kh2 Qc6 42. Qf3 Rh7 43. Qf4 h5 44. g5 Bxg5 45. Qe5 Bf6 46. Qf4 Rhg7 47. Rd6 Qb5 48. e7 Bxe7 49. Rde6 Rf7 50. Qf3 Ka7 51. f6 Bf8 52. Re8 Bd6+ 53. Kh3 Qc6 54. b5 Qd7+ 55. Kh4 Rc8 56. R8e6 Rg8 57. bxa6 Bg3+ 58. Kxh5 Rh7# 0-1

[Event "AUT-chT2O 9899"]
[Site "Austria"]
[Date "1999.??.??"]
[Round "5"]
[White "Knoflicek, Ctibor"]
[Black "Kasanicky, Richard"]
[Result "1-0"]
[WhiteElo "2165"]
[BlackElo "2225"]
[PlyCount "70"]
[EventDate "1998.10.??"]
[EventType "team"]
[EventRounds "11"]
[EventCountry "AUT"]
[SourceTitle "EXT 2002"]
[Source "ChessBase"]
[SourceDate "2001.11.25"]
[SourceVersion "1"]
[SourceVersionDate "2001.11.25"]
[SourceQuality "1"]

1. c4 Nf6 2. Nf3 g6 3. Nc3 Bg7 4. e4 d6 5. d4 0-0 6. Be2 e5 7. 0-0 Nc6 8. d5 Ne7 9. Ne1 Nd7 10. Nd3 f5 11. Bd2 Nf6 12. f3 f4 13. g4 h5 14. h3 Nh7 15. Kg2 c6 16. Be1 Bf6 17. Bf2 Kg7 18. Rh1 Bd7 19. b4 cxd5 20. cxd5 hxg4 21. hxg4 Ng5 22. a4 Nc8 23. Rc1 Qe8 24. Nb2 Bd8 25. Bb5 Rh8 26. Bxd7 Qxd7 27. Rxh8 Kxh8 28. Qh1+ Kg8 29. Qh6 Qh7 30. Qxh7+ Nxh7 31. Nb5 Kf7 32. Rxc8 Rxc8 33. Nxd6+ Kf8 34. Nxc8 a5 35. Bc5+ Kg7 1-0

[Event "SVK-chT 9900"]
[Site "Slovakia"]
[Date "1999.??.??"]
[Round "5"]
[White "Petran, Peter"]
[Black "Kasanicky, Richard"]
[Result "1-0"]
[WhiteElo "2433"]
[BlackElo "2188"]
[PlyCount "70"]
[EventDate "1999.??.??"]
[EventType "team"]
[EventRounds "11"]
[EventCountry "SVK"]
[SourceTitle "EXT 2001"]
[Source "ChessBase"]
[SourceDate "2000.11.22"]
[SourceVersion "1"]
[SourceVersionDate "2000.11.22"]
[SourceQuality "1"]

1. g3 e5 2. Bg2 f5 3. d4 e4 4. c4 Nf6 5. Nc3 Be7 6. f3 exf3 7. Nxf3 0-0 8. 0-0 d6 9. d5 c5 10. Ng5 Ne8 11. Ne6 Bxe6 12. dxe6 Nc6 13. Nd5 Qc8 14. e4 Qxe6 15. exf5 Rxf5 16. Nf4 Qxc4 17. Bd5+ Rxd5 18. Qxd5+ Qxd5 19. Nxd5 Bf6 20. Kg2 b6 21. Rb1 h6 22. b3 Be5 23. Bf4 Rd8 24. Rbd1 Bd4 25. Rde1 Ne5 26. Bxe5 Bxe5 27. Ne7+ Kh7 28. Rf8 Bc3 29. Re3 Bd4 30. Re2 Ra8 31. Nf5 Nc7 32. Rxa8 Nxa8 33. Re7 b5 34. Rxa7 Nb6 35. Rb7 c4 1-0

[Event "SVK-chT2W 9900"]
[Site "Slovakia"]
[Date "1999.??.??"]
[Round "1.2"]
[White "Sladecek, Jan"]
[Black "Kasanicky, Richard"]
[Result "1/2-1/2"]
[WhiteElo "2138"]
[BlackElo "2193"]
[PlyCount "89"]
[EventDate "1999.11.06"]
[EventType "team"]
[EventRounds "9"]
[EventCountry "SVK"]
[SourceTitle "EXT 2005"]
[Source "ChessBase"]
[SourceDate "2004.11.15"]
[SourceVersion "1"]
[SourceVersionDate "2004.11.15"]
[SourceQuality "1"]

1. d4 Nf6 2. Nf3 g6 3. Bg5 Bg7 4. e3 d5 5. Nbd2 0-0 6. Bd3 Bg4 7. c3 Nbd7 8. Qc2 Re8 9. Ne5 Nxe5 10. dxe5 Nd7 11. h3 Be6 12. f4 Nc5 13. 0-0 Nxd3 14. Qxd3 Bf5 15. Qb5 f6 16. Bh4 fxe5 17. fxe5 Bxe5 18. e4 c6 19. Qb3 Be6 20. Nf3 Bf6 21. Bxf6 exf6 22. Nd4 Rb8 23. Rad1 Bf7 24. exd5 cxd5 25. Qc2 Re4 26. Qf2 f5 27. Qg3 Kh8 28. Kh1 Rc8 29. Rde1 Qe7 30. Nf3 Re8 31. a3 a6 32. Rd1 h6 33. Qf2 Kh7 34. Nd4 f4 35. Qd2 g5 36. Qc2 Bg6 37. Qb3 Rd8 38. Nf3 Bf7 39. Rfe1 Kg7 40. Qb6 Rd7 41. Rf1 Rd6 42. Qc5 h5 43. Nxg5 b6 44. Qxd6 Qxd6 45. Nxe4 1/2-1/2

[Event "SVK-chT1W 9798"]
[Site "Slovakia"]
[Date "1998.??.??"]
[Round "?"]
[White "Kasanicky, Richard"]
[Black "Boldis, Frantisek"]
[Result "0-1"]
[WhiteElo "2205"]
[BlackElo "1990"]
[PlyCount "94"]
[EventDate "1997.??.??"]
[EventType "team"]
[EventRounds "11"]
[EventCountry "SVK"]
[SourceTitle "EXT 1999"]
[Source "ChessBase"]
[SourceDate "1998.11.16"]
[SourceVersion "1"]
[SourceVersionDate "1998.11.16"]
[SourceQuality "1"]

1. e4 e6 2. d4 d5 3. Nd2 Nf6 4. e5 Nfd7 5. Bd3 c5 6. c3 Nc6 7. Ne2 Be7 8. Nf3 0-0 9. 0-0 f6 10. exf6 Bxf6 11. Nf4 Re8 12. Re1 c4 13. Bb1 Nf8 14. Ne5 Qc7 15. Ng4 Be7 16. Qf3 Bd7 17. Nh5 Ng6 18. Bxg6 hxg6 19. Bf4 Qd8 20. Nxg7 Kxg7 21. Bh6+ Kg8 22. Re3 Rf8 23. Bxf8 Qxf8 24. Qg3 Qg7 25. Qc7 Bg5 26. Re2 b5 27. h3 b4 28. Rae1 Rc8 29. Qd6 bxc3 30. bxc3 Qe7 31. Qh2 Rf8 32. Rc2 Bf4 33. g3 Bc7 34. f4 Ba5 35. h4 Nxd4 36. cxd4 Bxe1 37. Ne5 Be8 38. Re2 Bc3 39. Nf3 Qf6 40. Qf2 Ba4 41. Re5 Ba5 42. h5 c3 43. Ne1 Bb6 44. hxg6 Qxg6 45. Qe3 Rf7 46. Rxe6 Qg7 47. Nf3 Qxg3+ 0-1

[Event "SVK-chT2A 9899"]
[Site "Slovakia"]
[Date "1998.??.??"]
[Round "8"]
[White "Machata, Martin"]
[Black "Kasanicky, Richard"]
[Result "0-1"]
[WhiteElo "2165"]
[BlackElo "2225"]
[PlyCount "136"]
[EventDate "1998.??.??"]
[EventType "team"]
[EventRounds "9"]
[EventCountry "SVK"]
[SourceTitle "EXT 2001"]
[Source "ChessBase"]
[SourceDate "2000.11.22"]
[SourceVersion "1"]
[SourceVersionDate "2000.11.22"]
[SourceQuality "1"]

1. g3 g6 2. Bg2 Bg7 3. d4 Nf6 4. e4 d6 5. Nc3 Nbd7 6. Nge2 0-0 7. 0-0 e5 8. h3 c6 9. Be3 Re8 10. Re1 Qc7 11. a4 a5 12. Qd2 Nb6 13. b3 Be6 14. Rad1 d5 15. dxe5 Nxe4 16. Nxe4 dxe4 17. Nf4 Nd5 18. Bxe4 Nxe3 19. Nxe6 Rxe6 20. Rxe3 Bxe5 21. Bg2 Rd6 22. Rd3 Rad8 23. Qe2 Bd4 24. c3 Bxc3 25. Qe3 Rxd3 26. Rxd3 Rxd3 27. Qxd3 Qe5 28. Qe4 Qc5 29. Qc4 Qe5 30. Qe4 Qd6 31. Bf1 Bd4 32. Kg2 Kg7 33. Bc4 Qc5 34. Qf4 Bf6 35. Qc7 Qe7 36. Qxe7 Bxe7 37. Kf3 Bc5 38. Ke2 f5 39. f3 Kf6 40. Bg8 h6 41. f4 b5 42. Kf3 Bd6 43. Ke3 g5 44. Kf3 Bc7 45. Ke3 h5 46. fxg5+ Kxg5 47. Kf3 h4 48. gxh4+ Kxh4 49. Be6 Kg5 50. Bd7 bxa4 51. bxa4 c5 52. Bb5 Kf6 53. Be2 Ke5 54. Ke3 Kd5 55. h4 c4 56. h5 f4+ 57. Kd2 Kd4 58. Bd1 c3+ 59. Ke2 f3+ 60. Kxf3 Kd3 61. h6 Be5 62. Bb3 Bh8 63. h7 c2 64. Bxc2+ Kxc2 65. Ke2 Kb3 66. Kd3 Kxa4 67. Kc2 Ka3 68. Kb1 Kb3 0-1

[Event "Pardubice Czech op"]
[Site "Pardubice"]
[Date "1998.??.??"]
[Round "4"]
[White "Sabol, Marian"]
[Black "Kasanicky, Richard"]
[Result "1-0"]
[WhiteElo "2255"]
[BlackElo "2210"]
[PlyCount "69"]
[EventDate "1998.07.??"]
[EventType "swiss"]
[EventRounds "9"]
[EventCountry "CZE"]
[SourceTitle "EXT 2000"]
[Source "ChessBase"]
[SourceDate "1999.11.16"]
[SourceVersion "1"]
[SourceVersionDate "1999.11.16"]
[SourceQuality "1"]

1. e4 e6 2. d4 d5 3. e5 c5 4. c3 Nc6 5. Nf3 Qb6 6. a3 a5 7. Bd3 Bd7 8. Bc2 f6 9. 0-0 c4 10. exf6 gxf6 11. Nbd2 Bd6 12. b3 cxb3 13. Bxb3 Nge7 14. Rb1 Qa7 15. Re1 0-0-0 16. Nf1 Nf5 17. Ne3 Nxe3 18. fxe3 Ne7 19. c4 Bc6 20. c5 Bc7 21. Ba4 Rhg8 22. Bxc6 Nxc6 23. Re2 Rd7 24. Reb2 Bd8 25. Bd2 e5 26. Be1 e4 27. Nh4 Rg5 28. Bg3 Rf7 29. Bf4 f5 30. Bxg5 Bxg5 31. Qh5 Bxe3+ 32. Kh1 Rd7 33. Qe8+ Rd8 34. Qe6+ Kc7 35. Qf7+ 1-0